Les cités construites sur sept collines - Statistiques

Statistiques générales
  • Ce quiz a été pris 143 fois
  • Le résultat moyen est 5 sur 12
Statistiques - réponses
Pays auquel la ville appatient Villes % Correct
Italie Rome
95%
France Paris
87%
Portugal Lisbonne
81%
Turquie Istanbul
69%
Etats-Unis Washington
50%
Afrique du Sud Pretoria
44%
Cameroun Yaoundé
44%
France Saint-Etienne
14%
Angleterre Bath
5%
Etats Unis Cincinnati
3%
Etats Unis Lynchburg
2%
Etats Unis Somerville
2%
Aucun quiz correspondant
Distribution des résultats
% des personnes avec chaque résultat
Percentile par nombre de réponses
Votre historique - résultats
Vous n’avez pas pris ce quiz